|
|
|
|
| LEADER |
00000cam a2200000 7i4500 |
| 001 |
0000001686 |
| 005 |
20220105103925.0 |
| 008 |
070706 |
| 020 |
|
|
|a 9831881508(set)
|
| 020 |
|
|
|a 9831881559
|
| 090 |
0 |
0 |
|a JP
|b ENG (2148)
|
| 100 |
0 |
|
|a Naima Gany Shaik Dawood
|
| 245 |
1 |
0 |
|a Fun in the mud
|c Naima Gany Shaik Dawood
|
| 260 |
|
|
|a Selangor :
|b Nikaz publication ,
|c 2006
|
| 440 |
|
0 |
|a Farmer Roy's tenants
|
| 500 |
|
|
|a Children age 4-6 years old (yellow)
|
| 650 |
|
0 |
|a Animals
|x Fiction
|
| 650 |
|
0 |
|a Children stories, English
|
| 710 |
0 |
|
|a Series
|
| 710 |
0 |
|
|a Title
|
| 999 |
|
|
|a 0000947834
|b Book
|c Children Collection
|e Cawangan Tangkak
|
| 999 |
|
|
|a 0000947836
|b Book
|c Children Collection
|e Cawangan Tangkak
|
| 999 |
|
|
|a 0000962548
|b Book
|c Children Collection
|e Cawangan Pontian
|
| 999 |
|
|
|a 0000963384
|b Book
|c Children Collection
|e Cawangan Pontian
|
| 999 |
|
|
|a 0001147832
|b Book
|c Children Collection
|e Cawangan Bandar Penawar
|
| 999 |
|
|
|a 0001147833
|b Book
|c Children Collection
|e Cawangan Bukit Gambir
|
| 999 |
|
|
|a 0001147842
|b Book
|c Children Collection
|e Cawangan Segamat
|